|
|
|
|
| LEADER |
01781nam a22004215i 4500 |
| 001 |
978-1-908517-12-8 |
| 003 |
DE-He213 |
| 005 |
20151204155823.0 |
| 007 |
cr nn 008mamaa |
| 008 |
111021s2008 xxk| s |||| 0|eng d |
| 020 |
|
|
|a 9781908517128
|9 978-1-908517-12-8
|
| 024 |
7 |
|
|a 10.1007/978-1-908517-12-8
|2 doi
|
| 040 |
|
|
|d GrThAP
|
| 050 |
|
4 |
|a RB127
|
| 050 |
|
4 |
|a RD78.3-87.3
|
| 072 |
|
7 |
|a MMBP
|2 bicssc
|
| 072 |
|
7 |
|a MED093000
|2 bisacsh
|
| 082 |
0 |
4 |
|a 616.0472
|2 23
|
| 245 |
1 |
0 |
|a Handbook of Pain Management
|h [electronic resource] /
|c edited by Michael Serpell.
|
| 264 |
|
1 |
|a Tarporley :
|b Springer Healthcare Ltd. :
|b Imprint: Springer Healthcare,
|c 2008.
|
| 300 |
|
|
|a VII, 96 p.
|b online resource.
|
| 336 |
|
|
|a text
|b txt
|2 rdacontent
|
| 337 |
|
|
|a computer
|b c
|2 rdamedia
|
| 338 |
|
|
|a online resource
|b cr
|2 rdacarrier
|
| 347 |
|
|
|a text file
|b PDF
|2 rda
|
| 505 |
0 |
|
|a Anatomy and physiology of pain -- Patient evaluation -- Overview of management options -- Pharmacotherapy of pain -- Non-pharmacological management of pain.
|
| 520 |
|
|
|a Successful pain management is key to patient quality of life and outcomes across many fields of medicine. The Handbook of Pain Management provides an insightful and comprehensive summary, authored by a noted expert. Concise and insightful review of an important and complicated area of medicine.
|
| 650 |
|
0 |
|a Medicine.
|
| 650 |
|
0 |
|a Pain medicine.
|
| 650 |
1 |
4 |
|a Medicine & Public Health.
|
| 650 |
2 |
4 |
|a Pain Medicine.
|
| 700 |
1 |
|
|a Serpell, Michael.
|e editor.
|
| 710 |
2 |
|
|a SpringerLink (Online service)
|
| 773 |
0 |
|
|t Springer eBooks
|
| 776 |
0 |
8 |
|i Printed edition:
|z 9781858734101
|
| 856 |
4 |
0 |
|u http://dx.doi.org/10.1007/978-1-908517-12-8
|z Full Text via HEAL-Link
|
| 912 |
|
|
|a ZDB-2-SME
|
| 950 |
|
|
|a Medicine (Springer-11650)
|